| Record ID | ia:betweenfogfreigh0000phil |
| Source | Internet Archive |
| Download MARC XML | https://archive.org/download/betweenfogfreigh0000phil/betweenfogfreigh0000phil_marc.xml |
| Download MARC binary | https://www.archive.org/download/betweenfogfreigh0000phil/betweenfogfreigh0000phil_meta.mrc |
LEADER: 00949cam 2200289Ia 4500
001 ocm38473749
003 OCoLC
005 20210727005115.0
008 980219s1997 xxu 000 0 eng d
040 $aDOC$beng$cDOC$dOCLCG$dOCLCQ$dOCLCO$dOCLCF$dOCLCQ$dOCLCO$dOCLCA
020 $a096600552X
020 $a9780966005523
035 $a(OCoLC)38473749
082 04 $a811/.54$220
100 1 $aPhillips, Timothy R.$q(Timothy Ray)$d1959-
245 10 $aBetween the fog and the freight train :$bpoems /$cby Timothy R. Phillips.
260 $aU.S.A. :$bTwaanévie Poetry House,$c1997.
300 $a85 pages ;$c22 cm
336 $atext$btxt$2rdacontent
337 $aunmediated$bn$2rdamedia
338 $avolume$bnc$2rdacarrier
650 0 $aPoetry.
650 0 $aAmerican poetry.
650 7 $aAmerican poetry.$2fast$0(OCoLC)fst00807348
650 7 $aPoetry.$2fast$0(OCoLC)fst01067691
994 $aZ0$bP4A
948 $hNO HOLDINGS IN P4A - 1 OTHER HOLDINGS